| 000 | 01070nam a2200277 4500 | ||
|---|---|---|---|
| 999 |
_c2796 _d2796 |
||
| 006 | a||||go||d| 00| 0 | ||
| 007 | cr ||||||||||| | ||
| 008 | 861201s1979 enka o 001 0 eng d | ||
| 020 |
_a9780080224602 _c(ebook) |
||
| 040 |
_aKO _beng |
||
| 082 | 0 | 0 |
_a386.0941 _223 |
| 100 | 1 |
_aBaxter, R. E. _q(Ron Eric) |
|
| 245 | 1 | 0 |
_aPorts and inland waterways / _cR. E. Baxter and Celia M. Phillips. |
| 260 |
_aLondon : _bPublished for the Royal Statistical Society and the Social Science Research Council [by] Pergamon Press, _c1979. |
||
| 300 | _a1 online resource | ||
| 440 | 0 |
_aReviews of United Kingdom statistical sources ; _vv. 10 |
|
| 500 | _aIncludes bibliographical references and indexes. | ||
| 650 | 0 |
_aHarbors _zGreat Britain _xStatistics. |
|
| 650 | 0 |
_aInland water transportation _zGreat Britain _xStatistics. |
|
| 650 | 0 |
_aAeronautics, Commercial _zGreat Britain _xStatistics. |
|
| 700 | 1 |
_aPhillips, Celia M. _tCivil aviation. _eaut |
|
| 856 | 4 | 0 | _uhttps://www.sciencedirect.com/science/book/9780080224602 |
| 904 | _aA_BOSE | ||
| 942 | _cEB | ||